|
|
|
|
| LEADER |
00000cam a2200000 7i4500 |
| 001 |
0000006688 |
| 002 |
000007210 |
| 005 |
20000330.0 |
| 020 |
|
|
|a 9836235620
|
| 090 |
0 |
0 |
|a 297.122
|b SYA
|
| 100 |
1 |
|
|a Syalabiy, Saad Ismail
|
| 245 |
1 |
0 |
|a Nabi Musa, Firaun dan ahli sihir
|c Saad Ismail Syalabiy ; penterjemah Norriza Mohd Salleh
|
| 260 |
|
|
|a Kuala Lumpur :
|b DBP ,
|c 1993
|
| 300 |
|
|
|a 28 p. ;
|c 23 cm.
|
| 490 |
0 |
|
|a Siri pendidikan Al Quran untuk kanak-kanak
|
| 650 |
0 |
0 |
|a Islamic stories, Malay
|
| 700 |
1 |
|
|a Norriza Mohd Salleh ,
|e penterjemah
|
| 999 |
|
|
|a 039944
|b BUKU
|c PINJAMAN
|e PERPUSTAKAAN KOMUNITI PETALING JAYA
|
| 999 |
|
|
|a 039945
|b BUKU
|c PINJAMAN
|e PERPUSTAKAAN KOMUNITI PETALING JAYA
|